La enseñanza de la física en la escuela secundaria: guía de estudio

Gorde:
Xehetasun bibliografikoak
Egile nagusia: Chamizo Guerrero, José Antonio (Egilea)
Formatua: Liburua
Hizkuntza:gaztelania
Argitaratua: Ciudad de México SEP 1997
Edizioa:1a. ed
Gaiak:
Etiketak: Etiketa erantsi
Etiketarik gabe, Izan zaitez lehena erregistro honi etiketa jartzen!

MARC

LEADER 00000nam a2200000 a 4500
001 UCJ9375
003 CL-VaPUC
008 070316e19970000MX |||||||||||||||||spa|d
020 |a 9682994586 
082 0 4 |a 530.0712  |b CHA  |2 21 
100 0 |a Chamizo Guerrero, José Antonio  |e author  |9 519348 
245 1 3 |a La enseñanza de la física en la escuela secundaria: guía de estudio 
250 |a 1a. ed 
300 |a 118 p 
942 |c BK 
945 |d 20070316 00:00:00  |a cmena 
260 |a Ciudad de México  |b SEP  |c 1997 
650 0 |a enseñanza de la física   |9 339846 
650 0 |a Planificación del currículo  |9 269599 
650 0 |a Métodos de enseñanza  |9 270413 
650 0 |a Educación científica   |9 307484 
650 0 |a Planificación del currículo  |9 269599 
583 |a last modification  |c 20070316 00:00:00  |k Rodrigo Vera 
999 |c 324905  |d 324903 
952 |0 0  |1 0  |4 0  |6 530_071200000000000_CHA_1997  |7 0  |8 A  |9 405293  |a BIBEDU  |b BIBEDU  |d 2019-11-22  |i 4323963  |o 530.0712 CHA 1997  |p 4323963  |r 2019-11-22  |w 2019-11-22  |y BK  |k EBA